English Football Clubs with Grounds Ending in "Road" - Statistics

General Stats
  • This quiz has been taken 975 times
  • The average score is 8 of 13
Answer Stats
Ground Club % Correct
Elland Road Leeds United
97%
Carrow Road Norwich City
92%
Loftus Road Queens Park Rangers
91%
Kenilworth Road Luton Town
89%
Vicarage Road Watford
89%
Portman Road Ipswich Town
79%
Bloomfield Road Blackpool
70%
London Road Peterborough United
51%
Brisbane Road Leyton Orient
47%
Gresty Road Crewe Alexandra
41%
Wetherby Road Harrogate Town
23%
Whaddon Road Cheltenham Town
21%
Victoria Road Dagenham & Redbridge
8%
No matching quizzes found
Score Distribution
Percent of People with Each Score
Percentile by Number Answered
Your Score History
You have not taken this quiz